000 00738nam a2200265Ia 4500
005 20260302115650.0
008 008 260114s9999 xx 000 0 eng d
020 _a9798216974321
037 _aTextbook
040 _aCRL
040 _beng
040 _cCRL
041 _2eng
041 _aeng
084 _qCRL
100 _aDuane Rhoades
_91122276
245 4 _aThe Independent Monologue in Latin American Theater A Primary Bibliography with Selective Secondary Sources
260 _bBloomsbury
260 _bGreenwood
260 _c1985
650 _aLiterary Studies
856 _uhttps://doi.org/10.5040/9798216974321?locatt=label:secondary_bloomsburyCollections
942 _cEBOOK
999 _c1687046
_d1687046